000 00486nam a2200193Ia 4500
003 OSt
005 20221007083141.0
006 a|||||r|||| 00| 0
007 ta
008 221006b |||||||| |||| 00| 0 eng d
024 _a22,810
037 _cDissertations
040 _aFLL
_cFLL
_beng
041 _2eng
_aeng
100 _aPragna
_9700353
245 0 _aCritical apraisal of administrative tribunals act,1985
942 _cDIS
_2CC
999 _c1168999
_d1168999